000 00377nam a22001457a 4500
008 230301b |||||||| |||| 00| 0 eng d
020 _a978-0-241-50280-8
082 _a813.54
100 _aAyanna Lloyd Banwo
245 _aWhen we were birds
260 _bHamish Hamilton,
_c2022
300 _a278 p.
_c23.5 cm
942 _2ddc
999 _c9393
_d9394